Gümrük ve Ticaret Dünyası (Record no. 200042014)
[ view plain ]
| 000 -LEADER | |
|---|---|
| fixed length control field | 00761 a2200277 4500 |
| 001 - CONTROL NUMBER | |
| control field | 200042014 |
| 003 - CONTROL NUMBER IDENTIFIER | |
| control field | TR-AnTOB |
| 005 - DATE AND TIME OF LATEST TRANSACTION | |
| control field | 20200722091440.0 |
| 008 - FIXED-LENGTH DATA ELEMENTS--GENERAL INFORMATION | |
| fixed length control field | 160507b20059999tu qr0p 0 0 |
| 022 ## - INTERNATIONAL STANDARD SERIAL NUMBER | |
| International Standard Serial Number | 1301-1928 |
| 040 ## - CATALOGING SOURCE | |
| Original cataloging agency | TR-AnTOB |
| Transcribing agency | TR-AnTOB |
| 041 ## - LANGUAGE CODE | |
| Language code of text/sound track or separate title | Türkçe |
| 050 ## - LIBRARY OF CONGRESS CALL NUMBER | |
| Classification number | HJ6605 |
| 099 ## - LOCAL FREE-TEXT CALL NUMBER (OCLC) | |
| Classification number | JOURNAL - GÜMR HU |
| 245 #0 - TITLE STATEMENT | |
| Title | Gümrük ve Ticaret Dünyası |
| 260 ## - PUBLICATION, DISTRIBUTION, ETC. | |
| Place of publication, distribution, etc. | Ankara : |
| Name of publisher, distributor, etc. | Gümrük Kontrolörleri Derneği, |
| Date of publication, distribution, etc. | 2005- |
| 300 ## - PHYSICAL DESCRIPTION | |
| Extent | c.: |
| Other physical details | tablo,şekil; |
| Dimensions | 28 sm. |
| 310 ## - CURRENT PUBLICATION FREQUENCY | |
| Current publication frequency | Üç ayda bir. |
| 336 ## - CONTENT TYPE | |
| Source | rdacontent |
| Content type term | text |
| Content type code | txt |
| 337 ## - MEDIA TYPE | |
| Source | rdamedia |
| Media type term | unmediated |
| Media type code | n |
| 338 ## - CARRIER TYPE | |
| Source | rdacarrier |
| Carrier type term | volume |
| Carrier type code | nc |
| 500 ## - GENERAL NOTE | |
| General note | Yıl, cilt olarak alınmıştır |
| 710 ## - ADDED ENTRY--CORPORATE NAME | |
| Corporate name or jurisdiction name as entry element | Gümrük Kontrolörleri Derneği |
| 9 (RLIN) | 75608 |
| 942 ## - ADDED ENTRY ELEMENTS (KOHA) | |
| Koha item type | Continuing Resource |
| Source of classification or shelving scheme | Library of Congress Classification |
No items available.
